000
00250nam a22000977a 4500
999
_c
11130
_d
11130
008
180922b ||||| |||| 00| 0 eng d
020
_a
819006066
100
_a
CHANDRA, SHARMILA
_9
6894
245
_a
RICE COOK BOOK
260
_a
NEW DELHI
_b
VALUE BOOKS
_c
2003